• 首页
  • 本馆介绍
  • 公告通知
  • 最新文献
  • 馆藏检索
  • 电子资源
  • 读者导购
  • 参考咨询
  • 我的图书馆
  • 登录
  • 详细信息显示
  • 放入我的书架
  • 预约/预借图书
  • 作者相关作品
  • 分类相关作品
  • 丛书相关作品
  • 出版社相关作品

书目信息

  • 表格格式
  • 工作单格式
  • 卡片格式
题名:
《政治经济学批判》序言、导言解说
    
 
作者: 卓炯 编写
分册:  
出版信息: 广州   广东人民出版社  1979
页数: 78页
开本: 19cm
丛书名:
单 册:
中图分类: A811.22
科图分类:
主题词: 马克思著作研究-政治经济学批判 , 马克思主义政治经济学--研究
电子资源:
ISBN:
000 00815nam0 2200253 45
001 0179003718
005 20060801155256.78
010    @dCNY0.16
091    @aCN@b3111.589
100    @a19950717d1979 em y0chiy0121 ea
101 0  @achi
102    @aCN@b440000
105    @ay z 000yy
200 12 @a《政治经济学批判》序言、导言解说@Azheng zhi jing ji xue pi pan xu yan dao yan jie shuo@f卓炯编写
210    @a广州@c广东人民出版社@d1979
215    @a78页@d19cm
517 1  @a政治经济学批判序言导言解说@Azheng zhi jing ji xue pi pan xu yan dao yan jie shuo
605    @a政治经济学批判@x马克思著作研究
606    @a马克思著作研究-政治经济学批判
606    @a马克思主义政治经济学@x研究
690    @aA811.22@v3
701  0 @a卓炯@Azhuo jiong@4编写
801  0 @aCN@bTSSF@c20060801
905    @a10447@dA811.22@e198
    
    《政治经济学批判》序言、导言解说/卓炯编写.-广州:广东人民出版社,1979
    78页;19cm
    
    
    ISBN :CNY0.16
    
●
相关链接 在E读中查询图书 在五车中查询图书 在当当中查询图书 在豆瓣中查询图书


正题名:《政治经济学批判》序言、导言解说     索取号:A811.22/198         预约/预借

序号 登录号 条形码 馆藏地/架位号 状态 备注
1 0441283   204412830   密集书库/ [索取号:A811.22/198] 在馆    
2 0441303   204413036   密集书库/ [索取号:A811.22/198] 在馆    
唐山师范学院图书馆 欢迎您!
大连网信软件有限公司© 版权所有